00395nam a2200169Ia 4500008004100000020001600041050000900057050001500066100002100081245001400102260001500116260003800131260000900169300001500178300001700193440001500210170203s9999 xx 000 0 und d a0-307128393 aFic  b.K84h 1994 aKorman, Justine  aHounded / aNew York : bWestern Publishing Company, Inc., c1994 a24 pages ; bcol. ill. ;  aAnimaniacs